000 01539nam a2200205Ia 4500
000 01962naaa 00253uu
001 https://directory.doabooks.org/handle/20.500.12854/64146
008 211013s9999 xx 000 0 und d
024 _ahttps://doi.org/10.2867/68943
042 _adc
100 1 _aEuropean Investment Bank
245 0 _aEIB Investment Report 2019/2020 : accelerating Europe's transformation
260 _bEuropean Investment Bank
_c2019
520 _aThe Investment Report, issued annually by the European Investment Bank, provides a comprehensive overview and analysis of investment and the financing of investment in the European Union. It combines the exploration of investment trends with in-depth analysis, focusing especially on the drivers and barriers to investment activity. The report leverages on a unique set of databases and survey data, including EIBIS, an annual survey of 12 500 firms in Europe, which focuses on their assessment of investment and investment finance conditions, and which allows analysis with firm balance sheet information. The report provides critical inputs to policy debates on the need for public action on investment, and on the types of intervention that can have the greatest impact.
540 _aCreative Commons
653 _aBusiness & Economics
856 _uhttps://docs.google.com/spreadsheets/d/1yKIrdCPDAG_9c22mwoOIO2DOhtj65Wqa/edit?usp=sharing&ouid=106555315294820607512&rtpof=true&sd=true
_yList of Curated E-Books
942 _cE-BOOK
999 _c89895
_d89892